| Tag |
First Indicator |
Second Indicator |
Subfields |
| LEADER |
00000nam a2200000Ia 4500 |
| 001 |
in00004198713 |
| 005 |
20200806090843.0 |
| 006 |
m g d |
| 007 |
cr bn |||a|bb| |
| 008 |
890816s1634 enka o 00| | eng d |
| 035 |
|
|
|a (OCoLC)20186394
|
| 040 |
|
|
|a EBK
|c EBK
|d WaOLN
|
| 037 |
|
|
|a CL0036000049
|b ProQuest. 789 E. Eisenhower Parkway, Ann Arbor, MI 48108-3218
|
| 043 |
|
|
|a e-uk-en
|
| 045 |
0 |
|
|b d1634
|
| 090 |
|
|
|a AY751
|b .W54 1634
|
| 049 |
|
|
|a UMIA
|
| 100 |
1 |
|
|a Wilson, Jeffery.
|
| 245 |
1 |
0 |
|a Wilson, 1634 :
|b a new almanacke and prognostication for the yeere of our redemption 1634, being the second after leape yeere : wherein is contained many things concerning the state of the yeer, amongst the rest, the time of the rising of the moone, a thing not heretofore published in the same kind, very necessary for all sorts of men : faithfully supputated for the meridian and inclination of London ... but indifferently serving most of the northernerne and souththerne parts of England /
|c Galfrido Wilsono ...
|
| 260 |
|
|
|a London :
|b Printed for the Company of Stationeres,
|c [1634]
|
| 300 |
|
|
|a 1 online resource ([40] pages :
|b illustrations.
|
| 336 |
|
|
|a text
|b txt
|2 rdacontent
|
| 337 |
|
|
|a computer
|b c
|2 rdamedia
|
| 338 |
|
|
|a online resource
|b cr
|2 rdacarrier
|
| 500 |
|
|
|a Title within ornamental border.
|
| 500 |
|
|
|a "A prognostication" (B⁸, C⁴) has special t.p. with imprint: London : Printed for the Company of Stationers, 1634.
|
| 500 |
|
|
|a Signatures: [A]⁸ B⁸ C⁴.
|
| 500 |
|
|
|a "Formerly STC 528"--STC (2nd edition).
|
| 500 |
|
|
|a Imperfect: stained with print show-through.
|
| 500 |
|
|
|a Reproduction of original in the Harvard University. Library.
|
| 510 |
4 |
|
|a STC (2nd edition)
|c 529.8
|
| 533 |
|
|
|a Electronic reproduction.
|b Ann Arbor, Mich. :
|c UMI,
|d 1999-
|f (Early English books online)
|n Digital version of: (Early English books, 1475-1640 ; 1700:3)
|7 s1999 miun s
|
| 650 |
|
0 |
|a Almanacs, English.
|
| 650 |
|
0 |
|a Astrology
|v Early works to 1800.
|
| 730 |
0 |
2 |
|a Prognostication for the yeere of our redemption 1634.
|
| 740 |
0 |
|
|a New almanacke and prognostication for the yeere of our redemption 1634, being the second after leepe yeere.
|
| 830 |
|
0 |
|a Early English books online.
|
| 856 |
4 |
0 |
|u http://proxy.library.tamu.edu/login?url=https://search.proquest.com/docview/2248554626
|z Connect to the full text of this electronic book
|t 0
|
| 999 |
f |
f |
|s ce26acd9-19b2-3bed-b132-b103d213ceb3
|i f4076eba-3d65-3697-a178-e8642b4b0384
|t 0
|
| 952 |
f |
f |
|a Texas A&M University
|b College Station
|c Electronic Resources
|d Available Online
|t 0
|e AY751 .W54 1634
|h Library of Congress classification
|
| 998 |
f |
f |
|a AY751 .W54 1634
|t 0
|l Available Online
|